ARRUPE JESUIT UNIVERSITY

CORONAVIRUS -STOP THE SPREAD - CLEAN,DISINFECT,COVER

The scented garden, (Record no. 119434)

MARC details
000 -LEADER
fixed length control field 00864cam a22002891 4500
001 - CONTROL NUMBER
control field 10173777
003 - CONTROL NUMBER IDENTIFIER
control field ARRUPE
005 - DATE AND TIME OF LATEST TRANSACTION
control field 20131220133855.0
008 - FIXED-LENGTH DATA ELEMENTS--GENERAL INFORMATION
fixed length control field 780331s1936 xx 000 0 eng
010 ## - LIBRARY OF CONGRESS CONTROL NUMBER
LC control number 36013172
035 ## - SYSTEM CONTROL NUMBER
System control number (OCoLC)3768209
040 ## - CATALOGING SOURCE
Original cataloging agency DLC
Transcribing agency OT
Modifying agency DLC
042 ## - AUTHENTICATION CODE
Authentication code premarc
050 00 - LIBRARY OF CONGRESS CALL NUMBER
Classification number SB453
Item number .R73 1936
082 ## - DEWEY DECIMAL CLASSIFICATION NUMBER
Classification number 635.9
300 ## - PHYSICAL DESCRIPTION
Other physical details front., plates.
Dimensions 23 cm.
100 1# - MAIN ENTRY--PERSONAL NAME
Personal name Rohde, Eleanour Sinclair.
9 (RLIN) 6248
245 14 - TITLE STATEMENT
Title The scented garden,
Statement of responsibility, etc by Eleanour Sinclair Rohde.
260 ## - PUBLICATION, DISTRIBUTION, ETC. (IMPRINT)
Place of publication, distribution, etc Boston,
Name of publisher, distributor, etc Hale, Cushman & Flint
Date of publication, distribution, etc [c1936]
300 ## - PHYSICAL DESCRIPTION
Extent 7 p. l., 311, [1] p.
500 ## - GENERAL NOTE
General note "Fourth printing, March 1936."
500 ## - GENERAL NOTE
General note "Plant lists": p. [259]-304.
650 #0 - SUBJECT ADDED ENTRY--TOPICAL TERM
Topical term or geographic name as entry element Floriculture.
9 (RLIN) 6249
650 #0 - SUBJECT ADDED ENTRY--TOPICAL TERM
Topical term or geographic name as entry element Flowers
General subdivision Odor.
9 (RLIN) 6250
650 #0 - SUBJECT ADDED ENTRY--TOPICAL TERM
Topical term or geographic name as entry element Perfumes.
9 (RLIN) 6251
906 ## - LOCAL DATA ELEMENT F, LDF (RLIN)
a 7
b cbc
c oclcrpl
d u
e ncip
f 19
g y-gencatlg
942 ## - ADDED ENTRY ELEMENTS (KOHA)
Source of classification or shelving scheme Library of Congress Classification
Koha item type Monograph ( Printed materials)
Holdings
Withdrawn status Lost status Source of classification or shelving scheme Damaged status Not for loan Home library Current library Date acquired Total Checkouts Full call number Barcode Date last seen Price effective from Koha item type
    Library of Congress Classification     ARRUPE LIBRARY ARRUPE LIBRARY 20/12/2013   SB453 .R73 1936 464122949 11/09/2019 20/12/2013 Monograph ( Printed materials)

 

Arrupe Library. PO Box MP320 Mt Pleasant, Harare, Zimbabwe
263 242 745411|librarian@aju.ac.zw